Guess the Fusion Rock Song Lyrics #358 - Statistics

General Stats
  • This quiz has been taken 14 times
  • The average score is 244 of 319
Answer Stats
Answer % Correct
a
100%
I
100%
in
100%
it
100%
me
100%
the
100%
to
100%
But
92%
did
92%
didn't
92%
no
92%
so
92%
So
92%
all
85%
All
85%
And
85%
and
85%
be
85%
For
85%
He
85%
him
85%
my
85%
oh
85%
Oh
85%
what
85%
down
77%
go
77%
is
77%
of
77%
one
77%
One
77%
say
77%
shoot
77%
shot
77%
They
77%
they
77%
want
77%
was
77%
am
69%
Bob Marley
69%
deputy
69%
home
69%
If
69%
kill
69%
life
69%
said
69%
sheriff
69%
Sheriff
69%
them
69%
time
69%
Yeah
69%
yeah
69%
always
62%
day
62%
don't
62%
Every
62%
killing
62%
out
62%
They're
62%
town
62%
Where
62%
will
62%
bring
54%
defense
54%
hated
54%
know
54%
saw
54%
self
54%
swear
54%
trying
54%
before
46%
Brown
46%
came
46%
grow
46%
guilty
46%
John
46%
now
46%
around
38%
capital
38%
had
38%
must
38%
offense
38%
plant
38%
seed
38%
sudden
38%
way
38%
well
38%
Aiming
31%
bottom
31%
drop
31%
pay
31%
Pay
31%
track
31%
Freedom
23%
news
23%
Read
23%
started
23%
better
15%
bucket
15%
Lord
8%
Reflexes
8%
No matching quizzes found
Score Distribution
Percent of People with Each Score
Percentile by Number Answered
Your Score History
You have not taken this quiz